SCH: Dans quel clip ? #2 - Statistiques

Statistiques générales
  • Ce quiz a été pris 391 fois
  • Le résultat moyen est 8 sur 12
Statistiques - réponses
Par images Réponse % Correct
Haut standing
84%
Stigmates
84%
Otto
83%
Ca ira
73%
Niobe
72%
Comme si
61%
Mort de rire
57%
Allo maman
56%
Assoces
54%
Les derniers marioles
53%
Massimo
49%
Millions
36%
Aucun quiz correspondant
Distribution des résultats
% des personnes avec chaque résultat
Percentile par nombre de réponses
Votre historique - résultats
Vous n’avez pas pris ce quiz